00276nam a22001217a 4500003000400000082001700004100000900021245003900030260002200069300000700091650001700098653003900115SGT a615.58bD11C aCCRH aDRUG MONOGRAPH-16 TYLOPHORA INDICA aDELHIbCCRHc2011 a39 aHOMOEOPATHIC aDRUG , MONOGRAPH ,TYLOPHORA INDICA